书目信息 |
| 题名: |
环境保卫战
|
|
| 作者: | 康纳 著 | |
| 分册: | 3 | |
| 出版信息: | 南京 江苏凤凰美术出版社 2022.01 |
|
| 页数: | 131页 | |
| 开本: | 24cm | |
| 丛书名: | ||
| 单 册: | ||
| 中图分类: | H319.4:I712.85 , H319.4:I | |
| 科图分类: | ||
| 主题词: | 英语--汉语--对照读物 , 儿童故事--美国--现代 | |
| 电子资源: | ||
| ISBN: | 978-7-5580-8912-1 | |
| 000 | 00836nam0 2200253 450 | |
| 001 | 29421 | |
| 005 | 20221105150711.42 | |
| 010 | @a978-7-5580-8912-1@dCNY30.00 | |
| 100 | @a20220312d2022 cemy0chiy0110 ea | |
| 101 | 0 | @achi@aeng |
| 102 | @aCN@b320000 | |
| 105 | @aa z 000fy | |
| 200 | 1 | @a环境保卫战@Ahuan jing bao wei zhan@dBattle with the bloated baddie@h3@f(美)康纳(C.A. Scully)著@zeng |
| 210 | @a南京@c江苏凤凰美术出版社@d2022.01 | |
| 215 | @a131页@c图@d24cm | |
| 300 | @a麦奇历险记 3 汉英对照儿童文学 苏美童书 | |
| 510 | 1 | @aBattle with the bloated baddie@zeng |
| 606 | 0 | @a英语@x汉语@j对照读物 |
| 606 | 0 | @a儿童故事@y美国@z现代 |
| 690 | @aH319.4:I712.85@v5 | |
| 690 | @aH319.4:I@v4 | |
| 701 | 0 | @c(美)@a康纳@Akang na@c(Scully, C. A.)@4著 |
| 801 | 0 | @aCN@c20220910 |
| 905 | @a河南城建学院图书馆@dH319.4:I@eK260:3@f1 | |
| 环境保卫战=Battle with the bloated baddie.3/(美)康纳(C.A. Scully)著.-南京:江苏凤凰美术出版社,2022.01 |
| 131页:图;24cm |
| 麦奇历险记 3 汉英对照儿童文学 苏美童书 |
| ISBN 978-7-5580-8912-1:CNY30.00 |
| ● |
| 相关链接 |
|
|
|
正题名:环境保卫战
索取号:H319.4:I/K260:3
 
预约/预借
| 序号 | 登录号 | 条形码 | 馆藏地/架位号 | 状态 | 备注 |
| 1 | 1582989 | 215829897 | 语言库209/209语言库 53排7列2层/ [索取号:H319.4:I/K260:3] | 在馆 |